| 000 | 00830nam a2200253 u 4500 | ||
|---|---|---|---|
| 005 | 20240924070249.0 | ||
| 008 | 090917s2002 es r 000 0 spa d | ||
| 020 | _a8475065740 (Turner) | ||
| 020 | _a9681668154 (FCE) | ||
| 035 | _aUPN01000172325 | ||
| 049 | _aCG | ||
| 050 | 4 |
_aBJ1012 _bW3.3 |
|
| 100 | 1 |
_aWarnock, Helen Mary, _d1924- |
|
| 245 | 1 | 0 |
_aGuía ética para personas inteligentes / _cMary Warnock ; tr. Pedro Tena. |
| 260 |
_aMadrid : _bTurner ; _aMéxico : _bFCE, _c2002. |
||
| 300 | _a190 p. | ||
| 440 | 0 |
_aNoema ; _v20 |
|
| 534 |
_pTítulo original: _tAn intelligent person's guide to ethics |
||
| 590 | _a(También localizas un ejemplar en el "Area de Reserva") | ||
| 590 | _aBibliografía Básica 2009 (BGTQ) | ||
| 650 | 4 |
_aETICA MODERNA - _ySIGLO XX _913574 |
|
| 650 | 4 |
_aÉtica _912720 |
|
| 905 | _aLibro | ||
| 999 |
_c144429 _d144429 |
||